00580nam a22001931a 450000100060000000300080000600500170001400800410003103500190007204000290009104100080012008200220012810000470015024500600019726000690025730000240032650400200035065000160037029010BD-RjUL20211209051347.0140301r19541952enk 001 0 eng d a(BD-RjUL)29095 aNZOCbengcNZOCdBD-RjUL aeng00a152.137bVEF 19541 aVernon, M. D.q(Magdalen Dorothea),d1901-12aA further study of visual perception /cby M.D. Vernon. aCambridge :bCambridge University Press,c1952 [Reprinted 1954]. ax, 289 p. ;c22 cm. aIncludes index. 0aPerception.